000 01480nam a22003497a 4500
003 CHAP
005 20220329142329.0
008 200727d1999 mx rs o00110 spa d
010 _a81858
011 _a82830
020 _a9701326946
035 _a93335
040 _cCHAP
082 0 4 _a333.0972
_bI55 Gto. 1992-98
110 2 _aInstituto Nacional de Estadística, Geografía e Informática. México
_959304
245 1 0 _aTabulados básicos ejidales por municipio :
_bGuanajuato : programa de certificación de derechos ejidales y titulación de solares urbanos, PROCEDE 1992-1998
_c/por Instituto Nacional de Estadística, Geografía e Informática
260 _aAguascalientes, Ags. :
_bInstituto Nacional de Estadística, Geografía e Informática,
_c1999.
300 _a77 p. :
_banexos
590 _aBATCH-UPD
_b10
_c20130110
_lUCH01
_h1408
590 _aBATCH-UPD
_b10
_c20130410
_lUCH01
_h0856
590 _aBATCH-UPD
_b10
_c20130914
_lUCH01
_h1332
590 _aCONVERSION
_b10
_c20130109
_lUCH01
_h1345
650 1 4 _aEjidos
_xGuanajuato.
_936015
650 1 4 _aParcelas.
_985484
650 1 4 _aTierras
_xTenencia
_xGuanajuato.
_9113167
650 1 4 _aTierras
_xUtilización
_xGuanajuato.
_9113235
901 _aBK
905 _aPatricia Mendoza P.
942 _cLIBRO
949 _a333.0972 I55 Gto 1992-98
_bBC
_cINEGI
_d33724000771630
_eINEGI
_h98333
_i93335
_kDonaciØn
_sb
949 _a333.0972 I55 Gto 1992-98
_bBC
_cINEGI
_d33724000869582
_eINEGI
_fc.2
_gDonaciØ
_h102697
_i93335
_sb
999 _c81858
_d81858